| 000 | 01222am a2200397a 44500 | ||
|---|---|---|---|
| 003 | AR-BaBNM | ||
| 005 | 20251128211145.0 | ||
| 008 | 043020s2001 #AR|||||||||||000 | spa|| | ||
| 020 | _a987-545-004-9 | ||
| 040 | _cAR-BaBNM | ||
| 100 | 1 | _aGuber, Rosana | |
| 245 | 1 | 0 |
_aLa etnografía _bmétodo, campo y reflexividad |
| 260 |
_aBuenos Aires _bGrupo Editorial Norma _c2001 |
||
| 300 | _a146 p. | ||
| 490 | 0 |
_aEnciclopedia Latinoamericana de Sociocultura y Comunicación _vv. 11 |
|
| 504 | _aContiene referencias bibliográficas en p.129 | ||
| 650 | 4 | _aRELACIONES CULTURALES | |
| 650 | 4 | _aSOCIOLOGIA CULTURAL | |
| 650 | 4 | _aRELACIONES INTERPERSONALES | |
| 650 | 4 | _aSOCIEDADES | |
| 650 | 4 | _aCODIGOS DE REFERENCIA | |
| 650 | 4 | _aIDENTIDAD CULTURAL | |
| 650 | 4 | _aIDENTIFICACION COMUNITARIA | |
| 650 | 4 | _aANALISIS LINGUISTICO | |
| 650 | 4 | _aETNOGRAFIA | |
| 650 | 4 | _aPSICOLOGIA DEL COMPORTAMIENTO | |
| 650 | 4 | _aPOLITICA DE LA COMUNICACION | |
| 650 | 4 | _aMARGINALIDAD SOCIAL | |
| 650 | 4 | _aDIFERENCIACION CULTURAL | |
| 650 | 4 | _aDIFERENCIACION SOCIAL | |
| 650 | 4 | _aRELACIONES CULTURALES | |
| 650 | 4 | _aINVESTIGACION EN CIENCIAS SOCIALES | |
| 800 | 1 | _aFord, Aníbal | |
| 942 | _cBK | ||
| 998 | _cEugenia | ||
| 999 |
_c18494 _d18494 |
||